[Event "GER-ch53 V07 email"]
[Site "GER email"]
[Date "2021.04.21"]
[Round "?"]
[White "Emrich, Eiko"]
[Black "Frotscher, Thomas"]
[Result "1/2-1/2"]
[WhiteElo "2120"]
[BlackElo "2213"]
[PlyCount "62"]
[EventDate "2021.04.21"]
[EventType "tourn (corr)"]
[EventRounds "10"]
[EventCountry "GER"]
[SourceTitle "Corr 2024"]
[Source "ChessBase"]
[SourceDate "2023.10.19"]
[SourceVersion "1"]
[SourceVersionDate "2023.10.19"]
[SourceQuality "1"]

1. Nf3 c5 2. g3 Nc6 3. Bg2 g6 4. c4 Bg7 5. Nc3 d6 6. 0-0 Rb8 7. e3 Nf6 8. d4 0-0 9. b3 Be6 10. dxc5 dxc5 11. Bb2 Qc8 12. Qe2 Bg4 13. Nd5 Rd8 14. Bxf6 Bxf6 15. Nxf6+ exf6 16. Qb2 Kg7 17. Nd2 Bf5 18. Nb1 Bh3 19. Nc3 Bxg2 20. Kxg2 h5 21. h3 Qe6 22. Rfd1 Qe5 23. Rac1 Nb4 24. Qe2 Rxd1 25. Qxd1 Re8 26. Qd2 Nc6 27. Qd7 Qb8 28. Qd5 Nb4 29. Qf3 Rd8 30. Rd1 Rxd1 31. Qxd1 Qe5 1/2-1/2

[Event "GER-ch51 final email"]
[Site "GER email"]
[Date "2021.01.18"]
[Round "?"]
[White "Amann, Hubert"]
[Black "Emrich, Eiko"]
[Result "1/2-1/2"]
[WhiteElo "2173"]
[BlackElo "2108"]
[PlyCount "78"]
[EventDate "2021.??.??"]
[EventType "tourn (corr)"]
[EventRounds "14"]
[EventCountry "GER"]
[SourceTitle "Corr 2024"]
[Source "ChessBase"]
[SourceDate "2023.10.19"]
[SourceVersion "1"]
[SourceVersionDate "2023.10.19"]
[SourceQuality "1"]

1. e4 e6 2. d4 d5 3. Nc3 Nf6 4. e5 Nfd7 5. f4 c5 6. Nf3 Nc6 7. Be3 a6 8. Ne2 Qb6 9. Qc1 Be7 10. c3 0-0 11. h4 f6 12. h5 h6 13. Rh3 Rf7 14. Kf2 fxe5 15. fxe5 Bg5 16. Kg1 Bxe3+ 17. Qxe3 Qxb2 18. Re1 Ne7 19. Nh4 cxd4 20. Nxd4 Nc5 21. Rf3 Rxf3 22. gxf3 Qxa2 23. Re2 Qa4 24. Rg2 Kh8 25. f4 Bd7 26. f5 exf5 27. Qf4 a5 28. Kh2 Qd1 29. e6 Nxe6 30. Nxe6 Bxe6 31. Qe5 Rg8 32. Qxe6 Qxf1 33. Qxe7 Qc4 34. Ng6+ Kh7 35. Qxb7 Qxc3 36. Qxd5 Qc7+ 37. Kh3 Qc3+ 38. Rg3 Qc1 39. Qxf5 Qh1+ 1/2-1/2

[Event "GER-ch51 final email"]
[Site "GER email"]
[Date "2021.01.18"]
[Round "?"]
[White "Bars, Joachim"]
[Black "Emrich, Eiko"]
[Result "1/2-1/2"]
[WhiteElo "2421"]
[BlackElo "2370"]
[PlyCount "56"]
[EventDate "2021.??.??"]
[EventType "tourn (corr)"]
[EventRounds "14"]
[EventCountry "GER"]
[SourceTitle "Corr 2022"]
[Source "ChessBase"]
[SourceDate "2021.10.24"]
[SourceVersion "1"]
[SourceVersionDate "2021.10.24"]
[SourceQuality "1"]

1. e4 e6 2. d4 d5 3. Nc3 Nf6 4. e5 Nfd7 5. f4 c5 6. Nf3 Nc6 7. Be3 a6 8. Qd2 b5 9. a3 Qa5 10. dxc5 Bxc5 11. Bxc5 Nxc5 12. Ne2 Qb6 13. Qe3 Bd7 14. b4 Na4 15. Qxb6 Nxb6 16. Ned4 Nxd4 17. Nxd4 a5 18. Rb1 Ke7 19. Kd2 Rhc8 20. Bd3 Nc4+ 21. Bxc4 Rxc4 22. c3 axb4 23. axb4 Ra2+ 24. Kd3 Rxg2 25. Rbg1 Rxg1 26. Rxg1 g6 27. Ra1 Be8 28. Ra7+ Kd8 1/2-1/2

[Event "GER-ch51 V04 email"]
[Site "GER email"]
[Date "2019.04.14"]
[Round "?"]
[White "Bartsch, Reinhard Andrea"]
[Black "Emrich, Eiko"]
[Result "1/2-1/2"]
[WhiteElo "2277"]
[BlackElo "2373"]
[PlyCount "94"]
[EventDate "2019.??.??"]
[EventType "tourn (corr)"]
[EventRounds "10"]
[EventCountry "GER"]
[SourceTitle "Corr 2022"]
[Source "ChessBase"]
[SourceDate "2021.10.24"]
[SourceVersion "1"]
[SourceVersionDate "2021.10.24"]
[SourceQuality "1"]

1. c4 c5 2. Nf3 Nf6 3. Nc3 Nc6 4. g3 e6 5. Bg2 Be7 6. d4 d5 7. cxd5 Nxd5 8. 0-0 0-0 9. e4 Ndb4 10. dxc5 Bxc5 11. a3 Nd3 12. Na4 Be7 13. Be3 b5 14. Qc2 Ndb4 15. axb4 Nxb4 16. Qb1 bxa4 17. Rxa4 a5 18. Ra1 Ba6 19. Rd1 Bd3 20. Qc1 Rc8 21. Qd2 Bxe4 22. Ne1 Bxg2 23. Kxg2 h6 24. Qxd8 Rfxd8 25. Rxd8+ Bxd8 26. Bd2 Rb8 27. Nf3 Nd5 28. Ra2 Bc7 29. Nd4 Nb4 30. Ra4 g5 31. h3 Kh7 32. Bc3 Kg6 33. Nf3 Nd5 34. Bxa5 Bxa5 35. Rxa5 Rxb2 36. h4 Kf6 37. hxg5+ hxg5 38. Nh2 Rb4 39. Ra2 Kg6 40. Nf3 Kf5 41. Nh2 g4 42. f3 gxf3+ 43. Nxf3 Ne3+ 44. Kh3 Kf6 45. Ra1 Ng4 46. Ra5 Rc4 47. Nd2 Rd4 1/2-1/2

[Event "GER-ch51 V04 email"]
[Site "GER email"]
[Date "2019.04.14"]
[Round "?"]
[White "Billinger, Werner"]
[Black "Emrich, Eiko"]
[Result "1/2-1/2"]
[WhiteElo "2284"]
[BlackElo "2373"]
[PlyCount "61"]
[EventDate "2019.??.??"]
[EventType "tourn (corr)"]
[EventRounds "10"]
[EventCountry "GER"]
[SourceTitle "Corr 2022"]
[Source "ChessBase"]
[SourceDate "2021.10.24"]
[SourceVersion "1"]
[SourceVersionDate "2021.10.24"]
[SourceQuality "1"]

1. e4 e6 2. d4 d5 3. Nc3 Nf6 4. e5 Nfd7 5. f4 c5 6. Nf3 Be7 7. Be3 b6 8. Bd3 Nc6 9. 0-0 cxd4 10. Nxd4 Nxd4 11. Bxd4 0-0 12. f5 exf5 13. Bxf5 Nc5 14. Be3 Be6 15. Qg4 Bxf5 16. Qxf5 Ne6 17. Rad1 d4 18. Kh1 Rc8 19. Nb5 Qd5 20. Nxd4 Qxa2 21. Ra1 Nxd4 22. Bxd4 Qe6 23. Rxa7 Bc5 24. Qxe6 fxe6 25. Rxf8+ Kxf8 26. Bc3 Kg8 27. h3 Rf8 28. Rd7 h5 29. Kh2 Rf2 30. Rd2 h4 31. Rxf2 1/2-1/2